| Поле | Инд. | ПП | Название | Значение |
|---|---|---|---|---|
| Тип записи | a | |||
| Библиографический уровень | m | |||
| 001 | Контрольный номер | 0a984cbc-caa6-40ab-a9cc-2551c7ac2de7 | ||
| 005 | Дата корректировки | 20140703154342.1 | ||
| 008 | Кодируемые данные | 070622 | ||
| 020 | a | ISBN | 0-19-285383-X | |
| c | Цена, тираж | 359.92 | ||
| 040 | a | Служба первич. каталог. | НБ ТвГУ | |
| 041 | a | Код языка текста | eng | |
| 080 | a | Индекс УДК | 82.0 | |
| 084 | a | Индекс другой классификации/Индекс ББК | Ш40 | |
| 090 | x | Авторский знак | C94 | |
| a | Полочн. индекс | Ш40 | ||
| 100 | 1_ | a | Автор | Culler Jonathan D. |
| 245 | 10 | a | Заглавие | Literary theory |
| b | Продолж. заглавия | a very short introduction | ||
| c | Ответственность | Jonathan Culler | ||
| 260 | 0_ | a | Место издания | Oxford |
| a | Место издания | New York | ||
| b | Издательство | Oxford university press | ||
| c | Дата издания | 2000 | ||
| 300 | a | Объем | [8], 149 p. | |
| 440 | a | Серия | A very short introductions | |
| 504 | a | Библиография | Bibliogr.: p. 139-143. - Ind.: p. 145-149. | |
| 583 | a | Действие | Получение впервые 157 22.06.2007 | |
| k | Исполнитель действия | Дар Оксфордско-Российского Фонда | ||
| 650 | a | Основная рубрика | Литература | |
| x | Основная подрубрика | Теория | ||
| 650 | a | Основная рубрика | Литературоведение | |
| 653 | a | Ключевые слова | Литературоведение | |
| a | Ключевые слова | Теория литературы | ||
| a | Ключевые слова | Оксфордско-Российский фонд | ||
| 852 | t | Порядковый номер экземпляра | 1 | |
| p | Инвентарный номер | 878487 | ||
| 863 | t | 00175068 | ||
| 888 | a | Бесплатные | ||
| 930 | a | Новая/Ретро | иностр | |
| a | Новая/Ретро | англ | ||
| 952 | p | 157.2007 359.92 1 878487 | ||
| c | Вид литературы | К ин | ||
| 954 | a | Дата поступления на обработку | 20070627 | |
| 999 | a | Подразделение 2 | ч.з. |